000 00208 a2200097 4500
001 42533
100 _aTzu Sun
245 _aThe art of War
260 _aLahore
_bOxford Univ press
_c
090 _c26445
_d26445
942 _aNUST-CAE
_cM
_c18275
999 _c277606
_d277606